[Event "IHEM"]
[Site "Hamburg GER"]
[Date "2002.05.18"]
[Round "1"]
[White "Lahlum,H"]
[Black "Rausis,I"]
[Result "0-1"]
[WhiteElo "2218"]
[BlackElo "2478"]

1.d4 d5 2.c4 dxc4 3.e4 Nf6 4.Nc3 e5 5.Nf3 exd4 6.Qxd4 Qxd4 7.Nxd4 Bc5 8.Be3 Ng4
9.Ndb5 Nxe3 10.fxe3 Na6 11.Nd5 Kd8 12.O-O-O Bd7 13.Nd4 c6 14.Nc3 Bxd4 15.exd4 b5
16.d5 cxd5 17.Rxd5 Nc7 18.Rd4 Ke7 19.Be2 Rhd8 20.Rhd1 Bc6 21.Nd5+ Bxd5 22.exd5 Kd6
23.Rf4 Rd7 24.Bg4 Re7 25.Bf3 f6 26.Kc2 Rae8 27.a4 a6 28.axb5 axb5 29.b3 cxb3+
30.Kxb3 Re3+ 31.Kb2 Re1 32.Rd2 Na6 33.Rg4 R8e7 34.Rc2 Nc5 35.Rd2 R7e3 36.Rxg7 Na4+
37.Ka2 b4  0-1

[Event "Open A"]
[Site "Ostrava CZE"]
[Date "2002.05.19"]
[Round "2"]
[White "Vesely,M"]
[Black "Bartos,J"]
[Result "1/2-1/2"]
[WhiteElo "2074"]
[BlackElo "2211"]

1.d4 d5 2.c4 dxc4 3.e4 e5 4.Nf3 exd4 5.Bxc4 Nc6 6.O-O Nf6 7.e5 Ne4 8.Re1 Nc5
9.Bg5 Be7 10.Bxe7 Qxe7 11.Nxd4 Nxd4 12.Qxd4 Be6 13.Bf1 Rd8 14.Qe3 O-O 15.Nc3 a5
16.f4 b6 17.Bb5 f6 18.f5 Bxf5 19.Bc4+ Kh8 20.Nd5 Qxe5 21.Qxe5 fxe5 22.Rxe5 Be6
23.Rae1 Bxd5 24.Rxd5 Rxd5 25.Bxd5 g6 26.Re2 Rd8 27.Bc6 Rd6 28.Re8+ Kg7 29.Re7+ Kf6
30.Rxc7 Ne6 31.Rc8 Rd2 32.b4 axb4 33.Rb8 Rd6 34.Bb5 Ke5 35.Bc4 Kd4 36.Bb3 Nc5
37.Bg8 h6 38.h4 Kc3 39.Kh2 Kb2 40.Bc4 Na4 41.Bb3 Nc3 42.Ra8 Rd4 43.g3 Rd2+
44.Kh3 Ne2 45.g4 Rd3+ 46.Kh2 Nd4 47.Bg8 Nc6 48.g5 hxg5 49.hxg5 Ne5 50.Rb8 Rd6
51.Kg3 Nd3 52.Kf3 Nc1 53.Ra8 Rc6 54.Kf4 Rc5 55.Ra6 Rc6 56.Bd5 Rc5 57.Bg8 Rc6  1/2-1/2

[Event "Spring"]
[Site "Tel Aviv ISR"]
[Date "2002.05.20"]
[Round "1"]
[White "Kudischewitsch,D"]
[Black "Deutsch,E"]
[Result "1-0"]
[WhiteElo "2376"]
[BlackElo "2224"]

1.d4 d5 2.c4 dxc4 3.e4 Nf6 4.f3 Nc6 5.Be3 e5 6.d5 Ne7 7.Bxc4 Ng6 8.Ne2 Bd6
9.O-O O-O 10.Nbc3 a6 11.Rc1 Bd7 12.Kh1 Nh5 13.g3 Nf6 14.Qd2 Qe7 15.Rc2 Ne8
16.g4 Bc5 17.Bg5 Qd6 18.Qe1 h6 19.Bc1 b5 20.Bb3 Qb6 21.Ng3 a5 22.a4 b4 23.Nd1 Be7
24.Nf5 Bg5 25.Bxg5 hxg5 26.Nde3 Nf4 27.d6 Bxf5 28.Nxf5 Nxd6 29.Rc6 Qb8 30.Ne7+ Kh7
31.Qc1 Qd8 32.Rxc7 Ne8 33.Rb7 Qd3 34.Bc4 Qd6 35.Rd1 Qh6 36.Bf1 Qf6 37.Qe3 g6
38.Rdd7 Qe6 39.Nd5 Nd6 40.Nxf4 gxf4 41.Qb6 Rad8 42.Rxd8 Rxd8 43.Rxf7+ Qxf7
44.Qxd8 Qb3 45.Qxd6 Qxf3+ 46.Bg2 Qe2 47.Qe7+ Kg8 48.Qd8+ Kf7 49.Qc7+ Kf8
50.Qc5+ Kf7 51.Qc1 Kg7 52.g5 f3 53.Qc7+ Kg8 54.Qd8+ Kh7 55.Qe7+ Kh8 56.Qf8+ Kh7
57.Qh6+ Kg8 58.Qxg6+  1-0

[Event "FSGM June"]
[Site "Budapest HUN"]
[Date "2002.06.04"]
[Round "4"]
[White "Lorscheid,G"]
[Black "Postny,E"]
[Result "1/2-1/2"]
[WhiteElo "2331"]
[BlackElo "2482"]

1.d4 d5 2.c4 dxc4 3.e4 Nf6 4.e5 Nd5 5.Bxc4 Nb6 6.Bd3 Nc6 7.Be3 Be6 8.Nc3 Bd5
9.f3 e6 10.Nge2 Be7 11.O-O Qd7 12.Qc1 O-O-O 13.Rd1 f6 14.exf6 Bxf6 15.Bb5 Bc4
16.Bxc4 Nxc4 17.Bf2 Nb6 18.Ne4 Rhe8 19.Qc2 Nb4 20.Qb1 Qb5 21.N2c3 Qh5 22.a3 Nc6
23.Ne2 Qb5 24.Qc2 Qc4 25.Qd2 Qb5 26.Qc2 Qf5 27.Rac1 Re7 28.Qc3 Kb8 29.Nc5 Qd5
30.Qc2 Qf5 31.Qc3 Qd5 32.Qc2 h6 33.Nf4 Qd6 34.Ne2 Bg5 35.Ne4 Qd5 36.Nxg5 Qxg5
37.Ng3 Red7 38.Ne4 Qf5 39.Rd2 Ka8 40.Nc5 Qxc2 41.Rdxc2 Rd6 42.Bg3 Nxd4 43.Bxd6 cxd6
44.Na4 Nxc2 45.Nxb6+ axb6 46.Rxc2 Kb8 47.Re2 Re8 48.Kf2 Kc7 49.Re4 d5 50.Rg4 Re7
51.Ke3 Kd6 52.f4 Kc5 53.Kd3 b5 54.b4+ Kd6 55.Rg6 Rf7 56.g3 b6 57.Kd4 Ke7
58.Ke3 h5 59.h4 Kd7 60.Kd3 Kd6 61.Kd4 Ke7 62.Ke3 Kf8 63.Rxe6 Re7 64.Rxe7 Kxe7
65.f5 Kd7 66.Kd3 Ke7 67.Ke3 Kf6 68.Kf4 d4 69.Ke4 d3 70.Kxd3 Kxf5 71.Ke3 Ke5
72.Kf3 Kf5 73.Ke3 Kg4 74.Kf2 Kh3 75.Kf3  1/2-1/2

[Event "Open"]
[Site "Lido Estensi ITA"]
[Date "2002.06.12"]
[Round "5"]
[White "Happel,H"]
[Black "Popa,C"]
[Result "1-0"]
[WhiteElo "2255"]
[BlackElo "2077"]

1.d4 d5 2.c4 dxc4 3.e4 c5 4.d5 e6 5.Bxc4 Nf6 6.Nc3 exd5 7.Nxd5 Nxd5 8.Bxd5 Be7
9.Qh5 O-O 10.Nf3 Nd7 11.Ng5 Bxg5 12.Bxg5 Nf6 13.Bxf6 Qxf6 14.O-O Rb8 15.Rac1 b6
16.b3 Be6 17.e5 Qf5 18.Qxf5 Bxf5 19.Rfd1 Rbd8 20.Bc4 Be6 21.f4 g6 22.Kf2 Bg4
23.Be2 Bxe2 24.Kxe2 Rfe8 25.g4 g5 26.Kf3 gxf4 27.Kxf4 Kf8 28.Kf5 Ke7 29.g5 Rxd1
30.Rxd1 Rc8 31.Rd3 c4 32.bxc4 Rxc4 33.Rh3 Rc2 34.Rxh7 Rf2+ 35.Ke4 Re2+ 36.Kd5 Rd2+
37.Ke4 Re2+ 38.Kf4 Rxa2 39.g6 Ke6 40.g7 Rg2 41.Kf3 Rg1 42.Kf2 Rg4 43.h3 Rg6
44.Rh6 Rxh6 45.g8=Q Kxe5 46.Qg5+  1-0

[Event "6th Open"]
[Site "Voronezh RUS"]
[Date "2002.06.12"]
[Round "1"]
[White "Chernyshov,K"]
[Black "Khromkin,A"]
[Result "1-0"]
[WhiteElo "2520"]
[BlackElo "2312"]

1.d4 d5 2.c4 dxc4 3.e4 Nf6 4.Nc3 e5 5.d5 c6 6.Bg5 Bb4 7.Bxf6 Qxf6 8.Bxc4 Bxc3+
9.bxc3 Qg6 10.Qf3 Bg4 11.Qe3 cxd5 12.Bxd5 Nc6 13.h3 Bd7 14.Nf3 O-O 15.O-O Rfc8
16.Rad1 Rc7 17.Rd2 Qf6 18.Rfd1 Rac8 19.c4 b6 20.Qc3 g6 21.Bxc6 Bxc6 22.Rd6 Qe7
23.Nxe5 h5 24.Nxg6 fxg6 25.Rxg6+ Kh7 26.Rdd6 Qf8 27.Qe5 Rg7 28.Rxg7+  1-0

[Event "3rd IECC"]
[Site "Batumi GEO"]
[Date "2002.06.21"]
[Round "9"]
[White "Volkov,S"]
[Black "Godena,M"]
[Result "1-0"]
[WhiteElo "2609"]
[BlackElo "2481"]

1.d4 d5 2.c4 dxc4 3.e4 e5 4.Nf3 Bb4+ 5.Bd2 Bxd2+ 6.Nbxd2 exd4 7.Bxc4 Nc6
8.O-O Qf6 9.e5 Qg6 10.Re1 Nge7 11.Nb3 O-O 12.Nfxd4 Rd8 13.Bd3 Qh6 14.Nxc6 Nxc6
15.Qf3 Be6 16.Be4 Nxe5 17.Qg3 Nc4 18.Bxb7 Rab8 19.Qxc7 Qg5 20.Nc5 Bd5 21.Bxd5 Qxd5
22.b3 Rbc8 23.Qxa7 Rxc5 24.bxc4 Rxc4 25.a4 h5 26.a5 Rg4 27.g3 h4 28.a6 Rb4
29.Qe3 h3 30.f3 Rb2 31.a7 g6 32.Rf1 Kh7 33.Rf2 Qd1+ 34.Qe1 Qxe1+ 35.Rxe1 Rb7
36.Ra2 Ra8 37.Rea1 f5 38.Ra5 Kh6 39.R1a2 Re7 40.Kf2 Kg5 41.g4 Re6 42.Kg3 Kf6
43.gxf5 gxf5 44.Kf4 Re7 45.Rxf5+ Kg6 46.Rfa5  1-0

[Event "IV Shakkinet A"]
[Site "Helsinki FIN"]
[Date "2002.06.24"]
[Round "1"]
[White "Solozhenkin,E"]
[Black "Hjelm,N"]
[Result "1/2-1/2"]
[WhiteElo "2499"]
[BlackElo "2313"]

1.d4 d5 2.c4 dxc4 3.e4 e5 4.Nf3 exd4 5.Bxc4 Bb4+ 6.Nbd2 Nc6 7.O-O Nf6 8.e5 Nd5
9.Nb3 Nb6 10.Bg5 Be7 11.Bxe7 Qxe7 12.Bb5 Bd7 13.Nbxd4 Nxd4 14.Nxd4 Bxb5 15.Nxb5 O-O
16.Re1 Rad8 17.Qb3 Rd5 18.Nxa7 Rxe5 19.Rxe5 Qxe5 20.Rd1 Re8 21.g3 h5 22.Nb5 g6
23.h4 Qc5 24.Nc3 Kg7 25.a3 Re7 26.a4 Re5 27.Ra1  1/2-1/2

[Event "Open"]
[Site "Olomouc CZE"]
[Date "2002.08.03"]
[Round "4"]
[White "Furman,B"]
[Black "Jensen,JB"]
[Result "1-0"]
[WhiteElo "2270"]
[BlackElo "2182"]

1.d4 d5 2.c4 dxc4 3.e4 c5 4.d5 Nf6 5.Nc3 e6 6.Bxc4 exd5 7.Nxd5 Be7 8.Bf4 Na6
9.Qa4+ Bd7 10.Qb3 O-O 11.Qxb7 Nxd5 12.Bxd5 Nb4 13.O-O-O Ba4 14.Qxa8 Qb6 15.Qb7 Nxa2+
16.Kd2 Qa5+ 17.Ke3 Bxd1 18.Nh3 Qa4 19.Rxd1 Qxd1 20.Bxa2 Bf6 21.e5 Rd8 22.Qxf7+ Kh8
23.Bd5 Qd4+ 24.Kf3 Bxe5 25.Be4 Qxb2 26.Qf5 Qc3+ 27.Kg4  1-0

[Event "TUR-GEO Chess Summit"]
[Site "Ankara TUR"]
[Date "2002.08.08"]
[Round "5"]
[White "Janjgava,N"]
[Black "Haznedaroglu,K"]
[Result "1/2-1/2"]
[WhiteElo "2248"]
[BlackElo "2370"]

1.d4 d5 2.c4 dxc4 3.e4 e5 4.Nf3 exd4 5.Bxc4 Nc6 6.O-O Be6 7.Bxe6 fxe6 8.Qb3 Qd7
9.Qxb7 Rb8 10.Qa6 Nf6 11.Nbd2 Bd6 12.a3 O-O 13.b4 Ng4 14.Bb2  1/2-1/2

[Event "ch-AUT"]
[Site "Oberpullendorf AUT"]
[Date "2002.08.14"]
[Round "5"]
[White "Gerhold,M"]
[Black "Zoebisch,H"]
[Result "1-0"]
[WhiteElo "2183"]
[BlackElo "2240"]

1.d4 d5 2.c4 dxc4 3.e4 e5 4.Nf3 exd4 5.Bxc4 Bb4+ 6.Bd2 Bxd2+ 7.Nbxd2 Nf6
8.e5 Nd5 9.Qb3 c6 10.O-O O-O 11.Nxd4 Nb6 12.N2f3 Nxc4 13.Qxc4 Qe7 14.Rfe1 c5
15.Nb5 Be6 16.Qe4 Nc6 17.Nd6 Nb4 18.a3 Nc6 19.Rac1 Rad8 20.Rxc5 Nxe5 21.Rxe5 Qxd6
22.Qxb7 Rd7 23.Qe4 h6 24.h3 Rb8 25.b4 Rc8 26.Qe3 Qd3 27.Rxe6 fxe6 28.Qxe6+  1-0

[Event "WY ol"]
[Site "Kuala Lumpur MAS"]
[Date "2002.08.22"]
[Round "4"]
[White "Nasri,A"]
[Black "Karjakin,Sergey"]
[Result "0-1"]
[WhiteElo "2254"]
[BlackElo "2523"]

1.d4 d5 2.c4 dxc4 3.e4 c5 4.d5 Nf6 5.Nc3 b5 6.e5 b4 7.exf6 bxc3 8.bxc3 exf6
9.Bxc4 Bd6 10.Qe2+ Qe7 11.Qxe7+ Kxe7 12.Ne2 Nd7 13.Bf4 Nb6 14.Bb5 Bd7 15.Bxd7 Kxd7
16.O-O-O Rhe8 17.Bxd6 Kxd6 18.Ng3 g6 19.h4 h5 20.Rhe1 f5 21.Ne2 Re4 22.g3 Rae8
23.Rd2 Nc4 24.Rc2 f4 25.f3 Re3 26.Kd1  0-1

[Event "ch-FRA"]
[Site "Val d'Isere FRA"]
[Date "2002.08.22"]
[Round "4"]
[White "Bauer,Ch"]
[Black "Skripchenko,A"]
[Result "1-0"]
[WhiteElo "2550"]
[BlackElo "2497"]

1.d4 d5 2.c4 dxc4 3.e4 Nc6 4.Nf3 Bg4 5.d5 Ne5 6.Bf4 Ng6 7.Be3 Nf6 8.Nc3 e5
9.Bxc4 a6 10.Be2 Bd6 11.Nd2 Bd7 12.O-O O-O 13.a3 Qe7 14.Rc1 h6 15.Re1 Nf4
16.Bxf4 exf4 17.Nc4 Be5 18.Nb1 Rfe8 19.Nbd2 b5 20.Nxe5 Qxe5 21.Qc2 c6 22.dxc6 Rec8
23.Nf3 Qb8 24.e5 Nh7 25.Qe4 Be8 26.Bd3 Nf8 27.Nd4 Qb6 28.Bb1 Rc7 29.Ba2 Rd8
30.Bd5 b4 31.axb4 Qxb4 32.e6 fxe6 33.Nxe6 Qc4 34.Qd4 Qxd4 35.Nxc7+  1-0

[Event "XIV Open"]
[Site "Porto San Giorgio ITA"]
[Date "2002.08.23"]
[Round "4"]
[White "Zaja,I"]
[Black "De Poi,P"]
[Result "1-0"]
[WhiteElo "2459"]
[BlackElo "2219"]

1.d4 d5 2.c4 dxc4 3.e4 Nf6 4.e5 Nd5 5.Bxc4 Nc6 6.Nf3 Nb6 7.Bb3 Bf5 8.Nc3 e6
9.a3 Qd7 10.h3 Be7 11.Be3 O-O-O 12.Qe2 Kb8 13.Rd1 Na5 14.Ba2 Qc6 15.Rc1 Qd7
16.b4 Nc6 17.O-O Rdg8 18.Rfd1 Nd5 19.Qc4 Nxc3 20.Qxc3 Be4 21.d5 Bxd5 22.b5 Nd8
23.Bxd5 exd5 24.Rxd5 Qc8 25.Bxa7+ Kxa7 26.b6+  1-0

[Event "ch-RUS"]
[Site "Krasnodar RUS"]
[Date "2002.08.29"]
[Round "3"]
[White "Aseev,K"]
[Black "Makarov,M"]
[Result "1/2-1/2"]
[WhiteElo "2575"]
[BlackElo "2512"]

1.d4 d5 2.c4 dxc4 3.e4 Nf6 4.e5 Nd5 5.Bxc4 Nb6 6.Bd3 Nc6 7.Ne2 Bg4 8.f3 Be6
9.Nbc3 Bd5 10.O-O e6 11.a3 Qd7 12.Qc2 Bc4 13.Bxc4 Nxc4 14.Rd1 Nb6 15.Be3 Ne7
16.Nf4 c6 17.Bf2 Nbd5  1/2-1/2

[Event "VI BCX"]
[Site "Brasilia BRA"]
[Date "2002.08.31"]
[Round "10"]
[White "Guimaraes,W"]
[Black "Matsuura,E"]
[Result "0-1"]
[WhiteElo "2272"]
[BlackElo "2450"]

1.d4 d5 2.c4 dxc4 3.e4 c5 4.d5 Nf6 5.Nc3 b5 6.e5 b4 7.exf6 bxc3 8.bxc3 Nd7
9.Bxc4 gxf6 10.Nf3 Nb6 11.O-O Bg7 12.Bb5+ Bd7 13.Qd3 Bxb5 14.Qxb5+ Qd7 15.Qxc5 Rc8
16.Qd4 Rc4 17.Qd3 Qxd5 18.Qxd5 Nxd5 19.Rb1 Nxc3 20.Rb8+ Kd7 21.Rb7+ Rc7 22.Rxc7+ Kxc7
23.Be3 Kb7 24.h3 Rc8 25.Kh2 f5 26.Rc1 a6 27.Ng5 Nxa2 28.Rb1+ Kc7 29.Nxf7 Nc3
30.Rb6 f4 31.Bc5 Na4 32.Re6 Nxc5 33.Rxe7+ Nd7  0-1

[Event "ch-FRA Playoff"]
[Site "Val d'Isere FRA"]
[Date "2002.08.31"]
[Round "1"]
[White "Bacrot,E"]
[Black "Lautier,J"]
[Result "1-0"]
[WhiteElo "2653"]
[BlackElo "2663"]

1.d4 d5 2.c4 dxc4 3.e4 e5 4.Nf3 Bb4+ 5.Nc3 exd4 6.Nxd4 Ne7 7.Bxc4 O-O 8.Be3 Nbc6
9.Nb5 Bd7 10.a3 Ba5 11.b4 Bb6 12.Bxb6 axb6 13.f4 Na7 14.Nxa7 Rxa7 15.O-O Ng6
16.Qf3 c6 17.Qg3 Qc7 18.h4 Ne7 19.a4 Qd6 20.Rad1 Qxb4 21.Bxf7+ Rxf7 22.Rxd7 Ra8
23.Rfd1 Raf8 24.f5 Kh8 25.Kh2 Qc5 26.Ne2 Ng8 27.Nf4  1-0

[Event "Imre Konig Mem"]
[Site "San Francisco USA"]
[Date "2002.09.11"]
[Round "6"]
[White "Browne,W"]
[Black "Baburin,A"]
[Result "1/2-1/2"]
[WhiteElo "2492"]
[BlackElo "2580"]

1.d4 d5 2.c4 dxc4 3.e4 Nc6 4.Nf3 Bg4 5.d5 Ne5 6.Bf4 Ng6 7.Be3 Nf6 8.Nc3 e5
9.Bxc4 a6 10.Be2 Bd6 11.O-O O-O 12.Nd2 Bd7 13.Nc4 Bb4 14.Bg5 h6 15.Bxf6 Qxf6
16.Ne3 Bc5 17.Bg4 Bxg4 18.Qxg4 Ne7 19.Rac1 Bxe3  1/2-1/2

[Event "ECC"]
[Site "Halkidiki GRE"]
[Date "2002.09.27"]
[Round "6"]
[White "Bacrot,E"]
[Black "Kharlov,A"]
[Result "1/2-1/2"]
[WhiteElo "2653"]
[BlackElo "2609"]

1.d4 d5 2.c4 dxc4 3.e4 Nc6 4.Nf3 Bg4 5.d5 Ne5 6.Bf4 Ng6 7.Be3 Nf6 8.Nc3 e5
9.Bxc4 a6 10.h3 Bd7 11.h4 Bg4 12.Be2 Bd6 13.Nd2 Bxe2 14.Qxe2 O-O 15.O-O-O Qd7
16.h5 Nf4 17.Bxf4 exf4 18.Nc4 b5 19.Nxd6 cxd6 20.Qd3 h6 21.f3  1/2-1/2

[Event "7th ECCW"]
[Site "Antalya TUR"]
[Date "2002.09.29"]
[Round "1"]
[White "Matveeva,S"]
[Black "Maric,A"]
[Result "1/2-1/2"]
[WhiteElo "2448"]
[BlackElo "2450"]

1.d4 d5 2.c4 dxc4 3.e4 e5 4.Nf3 exd4 5.Bxc4 Bb4+ 6.Nbd2 Nc6 7.O-O Nf6 8.e5 Nd5
9.Nb3 Nb6 10.Bb5 Qd5 11.Nfxd4 O-O 12.Nxc6 Qxb5 13.Nxb4 Qxb4 14.Be3 Re8 15.f4 Be6
16.Qc2 c6 17.Bc5 Qc4 18.Qf2 Qb5 19.Bxb6 Qxb6 20.Nc5 Bd5 21.Rfe1 Qc7 22.Rac1 Rad8
23.a3 b6 24.Ne4 Bxe4 25.Rxe4 c5 26.Rce1 Rd5 27.Qg3 Qd7 28.h3 g6  1/2-1/2

[Event "1st Mitropa Cup Women"]
[Site "Saint Vincent ITA"]
[Date "2002.09.29"]
[Round "2"]
[White "Verot,M"]
[Black "Mueller,S"]
[Result "1-0"]
[WhiteElo "2077"]
[BlackElo "2305"]

1.d4 d5 2.c4 dxc4 3.e4 Nf6 4.e5 Nd5 5.Bxc4 Nb6 6.Bb3 Nc6 7.Nf3 Bf5 8.Bg5 h6
9.Bh4 g5 10.Bg3 e6 11.Nc3 Qd7 12.O-O O-O-O 13.d5 exd5 14.Nd4 Be6 15.Rc1 Nxd4
16.Qxd4 Kb8 17.a4 c5 18.Qd2 c4 19.a5 cxb3 20.axb6 a6 21.Rfd1 Bb4 22.Qd4 Bxc3
23.Rxc3 Rc8 24.Rxb3 Rc4 25.Qd3 Ka8 26.Ra3 Qb5 27.Rb3 Qc5 28.h3 Rc1  1-0

[Event "Eu Blitz Ch"]
[Site "Panormo GRE"]
[Date "2002.10.03"]
[Round "13"]
[White "Sakaev,K"]
[Black "Karjakin,Sergey"]
[Result "1/2-1/2"]
[WhiteElo "2647"]
[BlackElo "2527"]

1.d4 d5 2.c4 dxc4 3.e4 c5 4.d5 Nf6 5.Nc3 b5 6.Bf4 Ba6 7.f3 e6 8.dxe6 Qxd1+
9.Rxd1 fxe6 10.a4 bxa4 11.Nxa4 Nbd7 12.Ne2 Be7 13.Nec3 Nb6 14.b3 Kf7 15.Kf2 Rhd8
16.Be2 Rd4 17.Be3 e5 18.Nxb6 axb6 19.bxc4 Rxd1 20.Rxd1 Bb7 21.Rb1 Nd7 22.Nd5 Bd8
23.Rb2 Ra4 24.Nc3 Ra1 25.g3 g6 26.h4 h5 27.Rd2 Ke8 28.Nb5 Bc6 29.f4 Bxb5
30.cxb5 Nf6 31.Bf3 Bc7 32.f5 gxf5 33.exf5 e4 34.Be2 Rh1 35.Bg5 Be5 36.Bxf6 Bxf6
37.Rd6 Bd4+ 38.Kg2 Rg1+ 39.Kh2 Rb1 40.Bxh5+ Kf8 41.Rxb6 e3 42.f6 Be5 43.Re6 Rb2+
44.Kh3 Bxf6 45.Rxf6+ Ke7 46.Rf3 Rb3 47.Rf5 Kd6 48.b6 c4 49.Rf6+ Ke5 50.Rc6 Kd4
51.Bf7 e2 52.Rxc4+ Kd3 53.Rc1 Rxb6 54.Ra1 Kd2 55.Ra2+ Ke3 56.Ra1 Kd2 57.h5 e1=Q
58.Rxe1 Kxe1 59.g4 Kf2 60.g5 Kf3 61.h6 Kf4 62.Kh4 Rb8 63.h7 Rb1 64.Kh5 Rh1+
65.Kg6 Rxh7  1/2-1/2

[Event "Open"]
[Site "Le Touquet FRA"]
[Date "2002.10.28"]
[Round "3"]
[White "Inkiov,V"]
[Black "Wallart,A"]
[Result "1-0"]
[WhiteElo "2424"]
[BlackElo "2261"]

1.d4 d5 2.c4 dxc4 3.e4 e5 4.Nf3 exd4 5.Bxc4 Nc6 6.O-O Be6 7.Bxe6 fxe6 8.Qb3 Qd7
9.Qxb7 Rb8 10.Qa6 Nf6 11.Nbd2 Bc5 12.Qc4 Bb6 13.b4 O-O 14.a4 a5 15.b5 Nb4
16.Ba3 c5 17.bxc6 Qxc6 18.Qxc6 Nxc6 19.Bxf8 Kxf8 20.Rac1 Nb4 21.Nc4 Ba7 22.Ng5  1-0

[Event "Olympiad w"]
[Site "Bled SLO"]
[Date "2002.11.01"]
[Round "7"]
[White "Peng Zhaoqin"]
[Black "Vajda,S"]
[Result "1-0"]
[WhiteElo "2443"]
[BlackElo "2365"]

1.d4 d5 2.c4 dxc4 3.e4 Nf6 4.e5 Nd5 5.Bxc4 Nb6 6.Bd3 Nc6 7.Be3 Be6 8.Nc3 Qd7
9.Nge2 Nb4 10.Be4 Bd5 11.a3 Bxe4 12.Nxe4 N4d5 13.Nc5 Qc6 14.e6 fxe6 15.O-O O-O-O
16.Rc1 e5 17.Qb3 e6 18.dxe5 Nxe3 19.Qxe3 Nd5 20.Qd4 Bxc5 21.Qxc5 Qxc5 22.Rxc5 g5
23.Rfc1 c6 24.b4 a6 25.R5c4 Rhf8 26.h4 Nf4 27.Nxf4 gxf4 28.R1c3 Rf5 29.Rf3 Rdf8
30.a4 Kc7 31.Re4 Kb6 32.Kf1 R8f7 33.Ke2 a5 34.Rb3 Rh5 35.b5 Rxh4 36.Kf3 cxb5
37.Rxb5+ Ka6 38.Rd4 Rc7 39.Rd6+ Rc6 40.Rc5 Kb6 41.Rcxc6+ bxc6 42.Rxe6 Kc5
43.Rd6 h5 44.Rd8 Rg4 45.e6 Rg7 46.Kxf4 Kb4 47.Rd4+ Kc5 48.Rd7 Rg4+ 49.Ke5 Rxg2
50.e7 Rxf2 51.Rd4  1-0

[Event "Olympiad"]
[Site "Bled SLO"]
[Date "2002.11.02"]
[Round "8"]
[White "Orr,M"]
[Black "Lima,Da"]
[Result "0-1"]
[WhiteElo "2332"]
[BlackElo "2533"]

1.d4 d5 2.c4 dxc4 3.e4 c5 4.d5 Nf6 5.Nc3 e6 6.Nf3 exd5 7.e5 Ne4 8.Nxe4 dxe4
9.Qxd8+ Kxd8 10.Ng5 Be6 11.Nxe6+ fxe6 12.Bxc4 Nc6 13.Bf4 Nd4 14.O-O-O Kc7
15.Rhe1 b5 16.Bf1 a6 17.Rxe4 Be7 18.Be3 Nf5 19.Bd2 Kb6 20.g3 Rad8 21.Bg2 g5
22.Bc3 h5 23.Rxd8 Rxd8 24.Re1 b4 25.Bd2 c4 26.Be4 Kc5 27.Rd1 a5 28.f3 Kb5
29.Be1 g4 30.Rxd8 Bxd8 31.Bf2 Bc7 32.f4 Ne7 33.Kd2 Bb6 34.Bxb6 Kxb6 35.Ke3 Kc5
36.Bh7 a4 37.Bc2 a3 38.bxa3 bxa3 39.Be4 Kb5 40.Kd2 Kb4 41.Kc2 Kb5 42.Kd2 Kc5
43.Kc3 Nc8 44.Bg6 Nb6 45.Bxh5 Nd5+ 46.Kc2 Kd4 47.Bf7 Nb4+ 48.Kb1 c3 49.Bxe6 c2+
50.Kc1 Kc3  0-1

[Event "ch-ISR"]
[Site "Tel Aviv ISR"]
[Date "2002.11.24"]
[Round "1"]
[White "Roiz,M"]
[Black "Klenburg,M"]
[Result "1-0"]
[WhiteElo "2512"]
[BlackElo "2331"]

1.d4 d5 2.c4 dxc4 3.e4 c5 4.d5 Nf6 5.Nc3 b5 6.e5 b4 7.exf6 bxc3 8.bxc3 exf6
9.Bxc4 Bd6 10.Qe2+ Qe7 11.Qxe7+ Kxe7 12.Nf3 Nd7 13.O-O Rd8 14.Re1+ Kf8 15.Be3 Bb7
16.Bb3 Ne5 17.Nxe5 fxe5 18.c4 Ba6 19.f3 Rab8 20.g4 f6 21.Bd2 Kf7 22.Kf2 g6
23.Bc3 Re8 24.Re4 Re7 25.Rae1 h6 26.f4 Rbe8 27.Ba4 Rb8 28.fxe5 Bxe5 29.Kf3 Rb6
30.Bc6 Bd6 31.Re6 Rxe6 32.Rxe6 Be7 33.Ba5 Rb2 34.Bc7 Bc8 35.Re4 f5 36.gxf5 Bxf5
37.Re3 Rd2 38.Ra3 h5 39.Rxa7 Bg4+ 40.Ke3 Rd1 41.Bd8 Re1+ 42.Kd2 Re2+ 43.Kd3 Kf6
44.Rxe7  1-0

[Event "ch-ISR w"]
[Site "Tel Aviv ISR"]
[Date "2002.11.26"]
[Round "2"]
[White "Borsuk,A"]
[Black "Botvinnik,Ir"]
[Result "0-1"]
[WhiteElo "2255"]
[BlackElo "2187"]

1.d4 d5 2.c4 dxc4 3.e4 e5 4.Nf3 exd4 5.Bxc4 Bb4+ 6.Nbd2 Nc6 7.O-O Qe7 8.Bb5 Bd7
9.Bxc6 Bxc6 10.Nxd4 Bd7 11.a3 Bc5 12.N2f3 O-O-O 13.Qc2 Bg4 14.Nf5 Bxf5 15.exf5 Nf6
16.Bg5 Rd5 17.Rfe1 Qd6 18.Rac1 Rd8 19.g3 Qb6 20.b4 Bd6 21.Be3 Qa6 22.Nd4 Ng4
23.Qb3 Nxe3 24.fxe3 Be5 25.Nf3 Qd6 26.Qc4 Bxg3 27.Rf1 Bxh2+ 28.Kh1 Be5 29.e4 Rd2
30.Qxf7 Qh6+ 31.Kg1 Bh2+ 32.Kh1 Bf4+ 33.Kg1 Be3+  0-1

[Event "British Rapidplay"]
[Site "Bradford ENG"]
[Date "2002.11.30"]
[Round "3"]
[White "Arkell,K"]
[Black "Dorrington,C"]
[Result "1-0"]
[WhiteElo "2521"]
[BlackElo "2188"]

1.d4 d5 2.c4 dxc4 3.e4 c5 4.d5 Nf6 5.Nc3 b5 6.Bg5 Qa5 7.Bxf6 gxf6 8.a4 b4
9.Nb1 Bg7 10.Nd2 Ba6 11.Nxc4 Bxc4 12.Bxc4 f5 13.Bb5+ Kf8 14.Ne2 fxe4 15.O-O a6
16.Bc4 Nd7 17.d6 Nb6 18.Qb3 exd6 19.Bxf7 Ra7 20.Bd5 c4 21.Bxc4 d5 22.Qg3 Kf7
23.Ba2 Re7 24.Rad1 Rd8 25.b3 Qc5 26.Bb1 Nd7 27.Qh4 Nf6 28.Rc1 Qb6 29.a5 Qxa5
30.Nd4 Qa3 31.Nc6 Rc8 32.Ne5+ Rxe5 33.Rxc8 Qxb3 34.Rc7+ Re7 35.Rxe7+ Kxe7
36.Qf4 Nd7 37.Qh4+ Nf6 38.Qf4 Nd7 39.Qg5+ Bf6 40.Qh5 a5 41.Qxh7+ Kd6 42.Qg8 a4
43.Qa8 a3 44.Qa6+ Ke7 45.Qe2 Qb2 46.Qb5 a2 47.Bxa2 Qxa2 48.Qxb4+ Ke6 49.g3 Qc4
50.Qb7 Bd4 51.Qa8 Ne5 52.Qe8+ Kf5 53.Qf8+ Ke6 54.Re1 Qc3 55.Rb1 Nd7 56.Qh6+ Nf6
57.Rc1 Qb2 58.Rf1 Kd7 59.Qg6 Kc6 60.Qf5 Kc5 61.Qf4 Be5 62.Rc1+ Kd6 63.Qg5 Qb6
64.Kg2 Ke6 65.h4 Nd7 66.h5 Bf6 67.Qg4+ Kd6 68.h6 Qb2 69.Rd1 Qc3 70.Qxe4 Qe5
71.Qxe5+ Nxe5 72.h7 Nf7 73.Rb1 Ng5 74.Rb6+ Ke7 75.Rxf6  1-0

[Event "ch-ISR w"]
[Site "Tel Aviv ISR"]
[Date "2002.12.01"]
[Round "7"]
[White "Borsuk,A"]
[Black "Vasiliev,Olg"]
[Result "1/2-1/2"]
[WhiteElo "2255"]
[BlackElo "2160"]

1.d4 d5 2.c4 dxc4 3.e4 Nc6 4.Nf3 Bg4 5.Bxc4 Nf6 6.d5 Ne5 7.Be2 Ng6 8.Nc3 e5
9.O-O Bd6 10.Qa4+ Nd7 11.Nb5 O-O 12.h3 Nb6 13.Qc2 Bd7 14.Bg5 f6 15.Be3 f5
16.Nxd6 cxd6 17.Bg5 Qc8 18.Qxc8  1/2-1/2

[Event "10th Amitie"]
[Site "Bagneux FRA"]
[Date "2002.12.15"]
[Round "7"]
[White "Nguyen Chi Minh"]
[Black "Brochet,P"]
[Result "0-1"]
[WhiteElo "2358"]
[BlackElo "2425"]

1.d4 d5 2.c4 dxc4 3.e4 Nf6 4.e5 Nd5 5.Bxc4 Nb6 6.Bb3 Nc6 7.Nf3 Bf5 8.Nc3 e6
9.h3 Be7 10.Be3 Qd7 11.a3 h5 12.Qe2 O-O-O 13.O-O-O Na5 14.Ba2 Na4 15.Bd2 Qc6
16.Qe3 Nc4 17.Bxc4 Qxc4 18.Be1 Bxa3 19.bxa3 Qb3 20.Rd3 Qxa3+ 21.Kd2 Nc5 22.Ne4 Qb2+
23.Kd1 Qb1+ 24.Ke2 Nxd3 25.Nfd2 Nc1+  0-1

[Event "Salona Rapid 1hr"]
[Site "Solin-Spilt CRO"]
[Date "2002.12.20"]
[Round "18"]
[White "Romanishin,O"]
[Black "Roschina,T"]
[Result "1/2-1/2"]
[WhiteElo "2562"]
[BlackElo "2265"]

1.d4 d5 2.c4 dxc4 3.e4 e5 4.Nf3 exd4 5.Bxc4 Nc6 6.O-O Be6 7.Bb5 Bc5 8.Nbd2 Ne7
9.Nb3 Bxb3 10.Qxb3 O-O 11.Bf4 Bb6 12.Rfe1 a6 13.Bd3 Ng6 14.Bg3 Qe7 15.e5 Qb4
16.Qc2 Rae8 17.a3 Qc5 18.Qe2 f5 19.e6 Qe7 20.h3 Kh8 21.Bh2 Nd8 22.Bc4 Qf6
23.Be5 Qe7 24.Bxd4 Nf4 25.Qe3 Ndxe6 26.Bxb6 cxb6 27.Qxb6 Qf6 28.Qxb7 Nc5
29.Qc7 Ncd3 30.Rxe8 Rxe8 31.Bxd3 Nxd3 32.Rd1 Nxb2 33.Rd6 Qf8 34.Rd7 Na4 35.Rf7 Qxa3
36.Kh2 Qc5 37.Qd7 Qb5 38.Rxg7 Qxd7 39.Rxd7  1/2-1/2

[Event "38th Junior"]
[Site "Hallsberg SWE"]
[Date "2002.12.30"]
[Round "3"]
[White "Eriksson,Jon SWE"]
[Black "Tomczak,Raf"]
[Result "1/2-1/2"]
[WhiteElo "2278"]
[BlackElo "2313"]

1.d4 d5 2.c4 dxc4 3.e4 c5 4.Nf3 cxd4 5.Qxd4 Qxd4 6.Nxd4 Bd7 7.Bxc4 Nc6 8.Nxc6 Bxc6
9.Nc3 e6 10.O-O a6 11.Re1 Nf6 12.Nd5 O-O-O 13.Nxf6 gxf6 14.Bf4 Rd4 15.Rac1 Bb4
16.Bxa6 e5 17.Rxc6+ Kd7 18.Rxf6 exf4 19.Rc1 bxa6 20.Rxf7+ Be7 21.Re1 Rc8
22.Rxf4 Rc2 23.g3 Rdd2 24.Kg2 Rxb2 25.a4 Bc5 26.Rf1 Ke6 27.Rf5 Bb6 28.h4 Ra2
29.Rh5 Bxf2 30.Rxh7 Bd4+ 31.Kh3 Rxa4 32.Rf5 Be3 33.Rg7 Rxe4 34.Ra5 Kf6 35.Rg4 Re6
36.h5 Rd1 37.Rg6+ Kf7 38.Rxe6 Kxe6 39.Rxa6+ Kf5 40.Ra5+ Kf6 41.Kg4  1/2-1/2

[Event "TCh-NOR Qualifier"]
[Site "NOR"]
[Date "2002.??.??"]
[Round "7"]
[White "Lahlum,H"]
[Black "Glenne,BE"]
[Result "0-1"]
[WhiteElo "2225"]
[BlackElo "2235"]

1.d4 d5 2.c4 dxc4 3.e4 Nf6 4.Nc3 e5 5.Nf3 exd4 6.Qxd4 Qxd4 7.Nxd4 a6 8.Bxc4 Bc5
9.Nb3 Bb6 10.O-O O-O 11.Bg5 Be6 12.Be2 Nbd7 13.Rad1 Bxb3 14.axb3 Rfe8 15.Bf3 c6
16.Rfe1 Rad8 17.Kf1 h6 18.Bxf6 Nxf6 19.Rxd8 Bxd8 20.Rd1 Bc7 21.g3 Kf8 22.Bg2 Ba5
23.h3 Re7 24.f4 Nd7 25.Na4 f6 26.Rd4 g5 27.Ke2 Bc7 28.Kf3 b5 29.Nc3 gxf4
30.gxf4 Nc5 31.Rd1 b4 32.Ne2 Nxb3 33.Nd4 Rd7 34.Ne6+ Ke7 35.Rxd7+ Kxd7 36.Nxc7 Kxc7
37.e5 fxe5 38.fxe5 Kd7 39.Kf4 a5 40.e6+ Kxe6 41.Bxc6 Nc5 42.Ke3 Ke5 43.Be8 a4
44.Kd2 Kd4 45.Bg6 Nd7 46.Be8 Nb6 47.Kc2 b3+ 48.Kd2 Nc4+ 49.Kc1 a3 50.bxa3 Kc3
51.Bg6 Nxa3 52.Kd1 b2 53.h4 Kd4 54.Ke2 Kc3 55.Kd1 h5 56.Bh7 Nb5 57.Ke2 Nd4+
58.Kd1 Nf3  0-1